000
00214nam a2200085Ia 4500
008
170617s9999 xx 000 0 und d
100
_a
MAHAJAN- H.S.
245
0
_a
BIOPHARMACEUTIC AND PHARMACOKINATIC
260
_b
NASHIK - CAREER
260
_c
2012
999
_c
15997
_d
15997